| 000 | 00683nam a2200229 a 4500 | ||
|---|---|---|---|
| 003 | MX-MxUPN | ||
| 005 | 20250115082848.0 | ||
| 008 | 991125s1982 mx gr 000 0 spa d | ||
| 035 | _aUPN01000035159 | ||
| 040 |
_aMX-MxUPN _bspa _cMX-MxUPN |
||
| 041 | _aspa | ||
| 050 | 0 | 4 |
_aLC5255 M6 _bL52 |
| 245 | 0 | 0 |
_aLibro de lectura : _bdedicado a los obreros que concurren a las escuelas nocturnas |
| 260 |
_aMéxico : _bOficina Impresora de Estampillas, _c1892. |
||
| 300 | _a48 páginas | ||
| 650 | 4 |
_aEscuelas nocturnas _921969 |
|
| 650 | 4 |
_aLectura _96274 _xEstudio y enseñanza |
|
| 902 | _bMaríaRobles/050624 | ||
| 904 |
_aAC _b035160 |
||
| 905 | _aLibro | ||
| 942 |
_2lcc _cLIBRO _n0 |
||
| 999 |
_c35159 _d35159 |
||